| 000 | 00716nam a2200229 i 4500 | ||
|---|---|---|---|
| 001 | bg | ||
| 245 | 1 | 0 |
_aWybrane zagadnienia z technologii żywności / _cpod red. Marty Mitek, Mirosława Słowińskiego. |
| 260 |
_aWarszawa : _bWydawnictwo SGGW, _c2006. |
||
| 300 |
_a484 s. ; _c24 cm. |
||
| 504 | _aBibliogr. przy rozdz. | ||
| 650 | 9 |
_aŻywność _xtechnologia |
|
| 700 | 1 |
_aMITEK, Marta. _eRed. |
|
| 700 | 1 |
_aSŁOWIŃSKI, Mirosław. _eRed. |
|
| 020 | _a8372447837 | ||
| 040 | _cBPK | ||
| 041 | 0 | _apol | |
| 080 | _a663/664:637 | ||
| 920 | _a83-7244-783-7 | ||
| 942 | _cKS | ||
| 008 | s pl f |000 0 pol | ||
| 999 |
_c52892 _d52892 |
||
| 856 |
_uhttp://koha.tu.koszalin.pl/cgi-bin/koha/opac-detail.pl?biblionumber=52892 _yKatalog online BPK |
||